000 00732nam a22002177a 4500
003 0
005 20250129104308.0
008 150923b xxu||||| |||| 00| 0 eng d
050 _aPGS LB 1033.5
_b.P855 2015
100 _aPosadas, Shane Marie M.
245 _aPeer pressure and student achievement /
_cShane Marie M. Posadas.
260 _aLas PiƱas City, Philippines :
_bSouthville International School and Colleges,
_c2015.
300 _a26 p. :
_bill. ;
_c28 cm.
504 _aIncludes bibliographical references.
650 _aPeer pressure.
650 _aAcademic achievement.
650 _aPeer groups
_vEducational aspects.
650 _aSocial influence.
650 _aEducational psychology.
942 _2lcc
_cPASS
999 _c288718
_d288718